Lễ "Lẩu khẩu sảo" của người Tày, Nùng
Sơ lược về đời sống tâm linh của người Tày, Nùng; Lễ "Lẩu khẩu sảo" mối giao tiếp giữa người cõi dương và phí Nam. Đề cập một số giá trị của lễ "lẩu khẩu sảo"
Đã lưu trong:
| Tác giả chính: | |
|---|---|
| Định dạng: | Sách |
| Năm xuất bản: |
H.
Mỹ thuật
2016
|
| Chủ đề: | |
| Tags: |
Thêm thẻ
Không có thẻ, Hãy là người đầu tiên gắn thẻ bản ghi này!
|
| LEADER | 00869nam a2200193 4500 | ||
|---|---|---|---|
| 999 | |c 14528 |d 14528 | ||
| 082 | |a 398.41 |b TR309TH | ||
| 100 | |a Triệu Thị Mai | ||
| 245 | |a Lễ "Lẩu khẩu sảo" của người Tày, Nùng |c Triệu Thị Mai | ||
| 260 | |a H. |b Mỹ thuật |c 2016 | ||
| 300 | |a 680tr. |c 21cm | ||
| 520 | |a Sơ lược về đời sống tâm linh của người Tày, Nùng; Lễ "Lẩu khẩu sảo" mối giao tiếp giữa người cõi dương và phí Nam. Đề cập một số giá trị của lễ "lẩu khẩu sảo" | ||
| 653 | |a Văn hóa dân gian | ||
| 653 | |a Dân tộc Tày | ||
| 653 | |a Dân tộc Núng | ||
| 653 | |a Cao Bằng | ||
| 653 | |a Tín ngưỡng dân gian | ||
| 942 | |2 ddc |c SH | ||
| 952 | |0 0 |1 0 |2 ddc |4 0 |6 398_410000000000000_TR309TH |7 0 |8 300 |9 111544 |a qbu |b qbu |c D2 |d 2017-08-15 |g 12000 |o 398.41 TR309TH |p 12556.c1 |r 2017-08-15 |w 2017-08-15 |y SH | ||